|
|
|
|
| LEADER |
00000cam a2200000 a 4500 |
| 001 |
vtls001413791 |
| 003 |
SK-MaSNL |
| 005 |
20260302035128.0 |
| 008 |
250821s1943 xo 000 p slo |
| 015 |
|
|
|a SNBA1943
|
| 035 |
|
|
|a SNK000368517
|
| 035 |
|
|
|a urn:nbn:sk:snk-am3hr5l
|
| 035 |
|
|
|a 47352A45-81F2-4FC7-9A6E-100D0459CA44
|
| 035 |
|
|
|a urn:nbn:sk:snk-am00d6br
|
| 040 |
|
|
|a SNK
|b slo
|c SNK
|e AACR2
|
| 041 |
0 |
|
|a slo
|h lat
|
| 044 |
|
|
|a xo
|c SK
|
| 080 |
|
|
|a 233-535.7
|2 2001
|
| 110 |
2 |
|
|a Katolícka cirkev.
|b Kongregácia pre klérus
|4 aut
|9 69977
|
| 245 |
1 |
|
|a Hymny
|n časť I.
|c [z Rímskeho breviára a 3 sekvencie z Rímskeho misála preložil Janko Silan ; úvodnú štúdiu napísal Ján Jalovecký]
|
| 260 |
|
|
|a V Trnave
|b Spolok sv. Vojtecha
|c 1943
|
| 300 |
|
|
|a 173, [7] s.
|c 18 cm
|
| 500 |
|
|
|a Preložené z latinčiny
|
| 650 |
0 |
7 |
|a katolícka liturgia
|2 SNKPH
|9 1989
|
| 650 |
0 |
7 |
|a bohoslužby
|2 SNKPH
|9 1999
|
| 650 |
0 |
7 |
|a liturgické knihy
|2 SNKPH
|9 1935
|
| 655 |
|
7 |
|a hymny
|2 SNKPH
|9 304890
|
| 700 |
1 |
|
|a Silan, Janko,
|d 1914-1984
|4 trl
|9 222852
|
| 700 |
1 |
|
|a Jalovecký, Ján,
|d 1894-1950
|4 aui
|9 172000
|
| 752 |
|
|
|a Slovensko
|d Trnava
|
| 852 |
|
|
|a Slovenská národná knižnica
|
| 958 |
|
|
|a EUIPO
|
| 958 |
|
|
|a OND
|
| 999 |
|
|
|c 1069377
|d 1071307
|
| 952 |
|
|
|a SNK
|b SNK
|y VYP
|7 0
|p 17A0301788
|o snkSD 4932/1
|i snk721/44
|0 0
|1 0
|4 0
|d 2001-05-25
|f 1
|l 0
|r 2025-11-11 00:00:00
|w 2026-02-24
|